गंगा मैया (Record no. 13634)

MARC details
000 -LEADER
fixed length control field 00536nam a2200169Ia 4500
008 - FIXED-LENGTH DATA ELEMENTS--GENERAL INFORMATION
fixed length control field 230917s9999||||xx |||||||||||||| ||und||
020 ## - ISBN
Price RS150
040 ## - CATALOGING SOURCE
-- 220886
Original cataloging agency VIVEKANANDA LIBRARY
041 ## - Language
-- English
082 ## - DDC NUMBER
Classification number 891.433721 GB959G
100 ## - MAIN ENTRY--PERSONAL NAME
Personal name गुप्त, भैरवप्रसाद
245 #0 - TITLE STATEMENT
Title गंगा मैया
260 ## - PUBLICATION, DISTRIBUTION, ETC. (IMPRINT)
Place of publication, distribution, etc इलाहाबाद
Name of publisher, distributor, etc लोकभारती प्रकाशन
Date of publication, distribution, etc 2013
300 ## - PHYSICAL DESCRIPTION
Pages 128 पृ. p.
500 ## - GENERAL NOTE
General note 1835 14/01/2015 RAJKAMAL6917 24/01/2015 Main Budget
942 ## - ADDED ENTRY ELEMENTS (KOHA)
Koha item type Books
Holdings
Withdrawn status Lost status Damaged status Not for loan Location (home branch) Sublocation or collection (holding branch) Date acquired Koha issues (times borrowed) Koha full call number Accession No. Koha date last seen Koha item type
        VIVEKANANDA LIBRARY VIVEKANANDA LIBRARY 07/04/2015   891.433721 GB959G 309452 17/09/2023 Books
© Designed and Maintained by Vivekananda Library, MDU Rohtak